Vainqueur des championnats européens (depuis 2010) - Statistiques

Statistiques générales
  • Ce quiz a été pris 712 fois
  • Le résultat moyen est 65 sur 90
Statistiques - réponses
années Vainqueur % Correct
2022/23 PSG
100%
2021/22 PSG
97%
2019/20 PSG
94%
2018/19 PSG
94%
2017/18 PSG
94%
2020/21 Lille
93%
2015/16 PSG
91%
2014/15 PSG
91%
2013/14 PSG
91%
2012/13 PSG
91%
2022/23 Manchester City
89%
2016/17 Monaco
89%
2021/22 Manchester City
86%
2020/21 Manchester City
85%
2019/20 Liverpool FC
83%
2018/19 Manchester City
83%
2022/23 Bayern Munich
82%
2021/22 Bayern Munich
82%
2020/21 Bayern Munich
82%
2019/20 Bayern Munich
82%
2018/19 Bayern Munich
82%
2017/18 Bayern Munich
82%
2016/17 Bayern Munich
82%
2015/16 Bayern Munich
82%
2013/14 Bayern Munich
82%
2012/13 Bayern Munich
82%
2017/18 Manchester City
82%
2014/15 Bayern Munich
81%
2011/12 Borussia Dortmund
80%
2016/17 Chelsea FC
78%
2022/23 FC Barcelone
78%
2022/23 Naples
78%
2021/22 Real Madrid
78%
2021/22 AC Milan
76%
2019/20 Real Madrid
76%
2010/11 Borussia Dortmund
75%
2018/19 FC Barcelone
75%
2020/21 Inter
75%
2019/20 Juventus
75%
2018/19 Juventus
75%
2017/18 Juventus
75%
2016/17 Juventus
75%
2015/16 Juventus
75%
2014/15 Juventus
75%
2013/14 Juventus
75%
2012/13 Juventus
75%
2011/12 Juventus
75%
2011/12 Montpellier
75%
2017/18 FC Barcelone
74%
2015/16 FC Barcelone
74%
2014/15 FC Barcelone
74%
2016/17 Real Madrid
74%
2010/11 AC Milan
73%
2020/21 Atletico Madrid
73%
2014/15 Chelsea FC
72%
2012/13 FC Barcelone
72%
2015/16 Leicester City
72%
2011/12 Real Madrid
72%
2010/11 FC Barcelone
71%
2013/14 Manchester City
70%
2013/14 Atletico Madrid
69%
2012/13 Manchester United
69%
2011/12 Manchester City
68%
2010/11 Lille
67%
2010/11 Manchester United
66%
2021/22 FC Porto
64%
2022/23 SL Benfica
64%
2019/20 FC Porto
60%
2017/18 FC Porto
59%
2018/19 SL Benfica
59%
2016/17 SL Benfica
59%
2020/21 Sporting CP
59%
2012/13 FC Porto
58%
2010/11 FC Porto
58%
2015/16 SL Benfica
58%
2014/15 SL Benfica
58%
2011/12 FC Porto
57%
2013/14 SL Benfica
57%
2021/22 Ajax AFC
55%
2020/21 Ajax AFC
55%
2018/19 Ajax AFC
55%
2017/18 PSV Eindhoven
52%
2013/14 Ajax AFC
51%
2012/13 Ajax AFC
51%
2011/12 Ajax AFC
50%
2010/11 Ajax AFC
50%
2015/16 PSV Eindhoven
49%
2014/15 PSV Eindhoven
49%
2022/23 Feyenoord
48%
2016/17 Feyenoord
45%
Aucun quiz correspondant
Distribution des résultats
% des personnes avec chaque résultat
Percentile par nombre de réponses
Votre historique - résultats
Vous n’avez pas pris ce quiz